000 00769nam a22002057a 4500
005 20230912114947.0
010 _aENG-137822
020 _a9788177420906
_c2500.00
035 _aEN-121354
037 _bDBAD / PUB
082 _a250
100 _aChandra,Lokesh
_956347
245 _aLife of Lord Buddha from Chinese Sutras Illustrated in Ming Woodcuts/
_cby Lokesh Chandra and Sushama Lohia
260 _aNew Delhi
_bInternational Academy of Indian Culture and Aditya Prakashan
_c2010
270 _a2/18, Ansari Road
_bNew Delhi
_e110002
300 _a463p.
_c28cm(Hb)
500 _aCompiled by Monk Pao-ch'eng from Chinese Sutras and illustrated in woodcuts in the Ming period
700 _aLohia,Sushama
_956348
942 _2ddc
_cEN
_mCHA
_h250
999 _c197296
_d197296